000 00627cam a22002173a 4500
001 36873
003 PGUSA
005 20140828083815.0
008 110727s2011||||xxu|||||s|||||000 | eng d
040 _aPGUSA
_beng
042 _adc
100 1 _aFenn, George Manville,
_d1831-1909
245 1 2 _aA Fluttered Dovecote
_h[electronic resource] /
_cGeorge Manville Fenn
260 _bProject Gutenberg,
_c2011
506 _aPublic domain in the USA.
516 _aElectronic text
700 1 _aBrowne, Gordon,
_d1858-1932
830 0 _aProject Gutenberg
_v36873
856 4 0 _uhttp://www.gutenberg.org/ebooks/36873
942 _cEB
999 _c266128
_d266128